[Event "Magyar bajnokság, döntõ"]
[Site "Budapest"]
[Date "2019.12.10"]
[Round "1.1"]
[White "Banusz, Tamas"]
[Black "Aczel, Gergely"]
[Result "1/2-1/2"]
[WhiteElo "2621"]
[BlackElo "2523"]
[PlyCount "110"]
[EventDate "2019.12.10"]
[EventType "k.o."]
[EventRounds "4"]
[EventCountry "HUN"]

1. Nf3 d5 2. g3 c6 3. Bg2 Bf5 4. d4 e6 5. c4 Nf6 6. Nc3 h6 7. O-O Be7 8. Qb3
Qb6 9. c5 Qxb3 10. axb3 O-O 11. b4 a6 12. h4 Nbd7 13. Bf4 Ne4 14. Nxe4 Bxe4 15.
Nd2 Bxg2 16. Kxg2 f6 17. h5 e5 18. Be3 b6 19. cxb6 Bxb4 20. Nb3 Nxb6 21. dxe5
Nc4 22. Bc5 Bxc5 23. Nxc5 fxe5 24. b3 Nd6 25. Rfc1 a5 26. Nd7 Rf7 27. Nxe5 Re7
28. f4 Nf7 29. Nxc6 Rxe2+ 30. Kh3 Nd6 31. Re1 Rd2 32. Rad1 Ne4 33. Rxd2 Nxd2
34. Re3 Ne4 35. Ne7+ Kf7 36. Nxd5 Nf6 37. Nb6 Ra6 38. Nc4 Nxh5 39. Re5 g5 40.
Nxa5 Kg6 41. fxg5 hxg5 42. Rc5 Nf6 43. b4 g4+ 44. Kg2 Ne4 45. Re5 Nc3 46. Rc5
Ne4 47. Rc6+ Rxc6 48. Nxc6 Kf6 49. b5 Ke6 50. b6 Nc5 51. Na5 Kd7 52. Kf2 Ne4+
53. Ke3 Nxg3 54. Kf4 Ne2+ 55. Kxg4 Nc3 1/2-1/2

[Event "Magyar bajnokság, döntõ"]
[Site "Budapest"]
[Date "2019.12.10"]
[Round "1.1"]
[White "Hera, Imre Jr"]
[Black "Nemeth, Miklos"]
[Result "1/2-1/2"]
[WhiteElo "2619"]
[BlackElo "2496"]
[PlyCount "100"]
[EventDate "2019.12.10"]
[EventType "k.o."]
[EventRounds "4"]
[EventCountry "HUN"]

1. Nf3 Nf6 2. g3 e6 3. Bg2 d5 4. O-O Be7 5. d3 O-O 6. Nbd2 c5 7. e4 Nc6 8. Re1
b5 9. e5 Nd7 10. Nf1 Bb7 11. h4 Re8 12. N1h2 Bf8 13. Ng4 h6 14. c3 b4 15. Bf4
bxc3 16. bxc3 Ne7 17. h5 Rb8 18. Rb1 Qa5 19. Qc2 Bc6 20. Rxb8 Rxb8 21. Nf6+
gxf6 22. exf6 Nf5 23. Bxb8 Nxb8 24. Ne5 Be8 25. Bh3 Qd8 26. Qb3 Nd6 27. Qa3 Nd7
28. Nxd7 Qxd7 29. Qxc5 Ne4 30. Qa5 Nxf6 31. c4 dxc4 32. dxc4 Qd4 33. Qe5 Bc5
34. Qxd4 Bxd4 35. Bg2 Kf8 36. Rc1 Bc5 37. Bf3 Ke7 38. Rb1 Bb6 39. g4 e5 40. Kg2
e4 41. Be2 Nh7 42. f4 exf3+ 43. Bxf3 Bd7 44. Re1+ Be6 45. Bd5 Ng5 46. Bxe6 fxe6
47. Rc1 Kd6 48. Rf1 Ke7 49. Rc1 Kd6 50. Rf1 Ke7 1/2-1/2

[Event "Magyar bajnokság, döntõ"]
[Site "Budapest"]
[Date "2019.12.10"]
[Round "1.1"]
[White "Kaczur, Florian"]
[Black "Erdos, Viktor"]
[Result "1/2-1/2"]
[WhiteElo "2478"]
[BlackElo "2609"]
[PlyCount "69"]
[EventDate "2019.12.10"]
[EventType "k.o."]
[EventRounds "4"]
[EventCountry "HUN"]

1. e4 e5 2. Nf3 Nc6 3. Bb5 a6 4. Ba4 Nf6 5. O-O Be7 6. Re1 b5 7. Bb3 d6 8. c3
O-O 9. h3 Re8 10. d4 Bb7 11. Nbd2 Bf8 12. d5 Nb8 13. Nf1 Nbd7 14. N3h2 c6 15.
dxc6 Bxc6 16. Bg5 Qc7 17. Qf3 a5 18. Bxf6 Nxf6 19. Ng4 Nxg4 20. hxg4 a4 21. Bc2
Be7 22. Rad1 Bg5 23. Ne3 Bd7 24. Rd3 Bxe3 25. Rexe3 b4 26. Qd1 Reb8 27. b3 Ra6
28. g5 Be6 29. Qf3 Rc6 30. c4 axb3 31. axb3 Qe7 32. Qh5 Ra8 33. Bd1 Ra1 34. Kh2
Ra2 35. Re2 1/2-1/2

[Event "Magyar bajnokság, döntõ"]
[Site "Budapest"]
[Date "2019.12.11"]
[Round "1.2"]
[White "Almasi, Zoltan"]
[Black "Czebe, Attila"]
[Result "1-0"]
[WhiteElo "2691"]
[BlackElo "2374"]
[PlyCount "143"]
[EventDate "2019.12.10"]
[EventType "k.o."]
[EventRounds "4"]
[EventCountry "HUN"]

1. Nf3 b6 2. e4 Bb7 3. Nc3 e6 4. d4 Bb4 5. Bd3 Nf6 6. Nd2 O-O 7. e5 Ne8 8. Nce4
d5 9. Ng3 Ba6 10. Bxa6 Nxa6 11. O-O Nb8 12. Qg4 Kh8 13. Nf3 Be7 14. Bd2 c5 15.
dxc5 bxc5 16. c4 Nc7 17. Nh5 Rg8 18. Ng5 Bxg5 19. Bxg5 Qf8 20. Qh4 Nc6 21. Rae1
Nd4 22. Be7 Qc8 23. Bxc5 Nf5 24. Qf4 Qb7 25. b3 dxc4 26. bxc4 Rac8 27. Ng3 Rgd8
28. Rb1 Qa6 29. Nxf5 exf5 30. Bd6 Ne6 31. Qxf5 Kg8 32. Rb4 Rxc4 33. Qd3 Rdc8
34. Rxc4 Qxc4 35. Qxc4 Rxc4 36. Rb1 h5 37. g3 g5 38. Kg2 Rc2 39. a3 g4 40. Be7
Re2 41. Bf6 Nc5 42. Bg5 Nd3 43. Be3 Nxe5 44. Bxa7 Ra2 45. Bd4 Nf3 46. Ra1 Rc2
47. Be3 Ne5 48. a4 Nc4 49. Bf4 Na5 50. Rb1 h4 51. Rb5 h3+ 52. Kf1 Nc6 53. Rg5+
Kh7 54. Rxg4 Nd4 55. Rh4+ Kg6 56. Rxh3 Ra2 57. Rh6+ Kf5 58. Kg2 Rxa4 59. Rh5+
Kg6 60. Rg5+ Kf6 61. Rd5 Nf5 62. Bd2 Ra2 63. h4 Ke6 64. Rd3 Nd6 65. Kf3 f5 66.
Bf4 Ne4 67. Be3 Nf6 68. Rb3 Ng4 69. Rb6+ Ke5 70. Bf4+ Kd5 71. Rd6+ Kc5 72. Rd2
1-0

[Event "Magyar bajnokság, döntõ"]
[Site "Budapest"]
[Date "2019.12.11"]
[Round "1.4"]
[White "Horvath, Csaba"]
[Black "Berkes, Ferenc"]
[Result "1/2-1/2"]
[WhiteElo "2513"]
[BlackElo "2656"]
[PlyCount "44"]
[EventDate "2019.12.10"]
[EventType "k.o."]
[EventRounds "4"]
[EventCountry "HUN"]

{15'+5"} 1. d4 d5 2. c4 c6 3. Nf3 Nf6 4. Nbd2 Bf5 5. Nh4 Be4 6. Qb3 Qc7 7. Nxe4
dxe4 8. Nf5 Nbd7 9. Ng3 e5 10. e3 h5 11. Be2 h4 12. Nf1 a5 13. Bd2 a4 14. Qc2
Bd6 15. Bc3 O-O 16. O-O-O Rfe8 17. Kb1 a3 18. b3 Rad8 19. g4 Nh7 20. Nd2 Ng5
21. c5 Bf8 22. Nc4 Ra8 1/2-1/2

[Event "Magyar bajnokság, döntõ"]
[Site "Budapest"]
[Date "2019.12.11"]
[Round "1.4"]
[White "Hera, Imre Jr"]
[Black "Nemeth, Miklos"]
[Result "1-0"]
[WhiteElo "2619"]
[BlackElo "2496"]
[PlyCount "73"]
[EventDate "2019.12.10"]
[EventType "k.o."]
[EventRounds "4"]
[EventCountry "HUN"]

{15'+5"} 1. c4 Nf6 2. g3 e6 3. Bg2 d5 4. Nf3 Be7 5. O-O O-O 6. b3 c5 7. cxd5
exd5 8. d4 Nc6 9. Bb2 Bf5 10. Nc3 Rc8 11. Rc1 Qa5 12. e3 Rfd8 13. dxc5 Bxc5 14.
Ne2 Be7 15. a3 Be4 16. b4 Qb6 17. Nc3 a5 18. b5 Bxf3 19. Qxf3 Na7 20. a4 Qe6
21. Ne2 Qe4 22. Bd4 Rxc1 23. Rxc1 Qxf3 24. Bxf3 Nc8 25. Rc7 b6 26. Nc3 Bd6 27.
Rc6 Ne7 28. Rxb6 Bb4 29. Ra6 Rc8 30. b6 Nd7 31. b7 Rb8 32. Nxd5 Nf5 33. Ra8
Nxd4 34. exd4 Bd6 35. Bg4 Nf8 36. Ne7+ Kh8 37. Rxb8 1-0

[Event "Magyar bajnokság, döntõ"]
[Site "Budapest"]
[Date "2019.12.11"]
[Round "1.5"]
[White "Horvath, Csaba"]
[Black "Berkes, Ferenc"]
[Result "1-0"]
[WhiteElo "2513"]
[BlackElo "2656"]
[PlyCount "65"]
[EventDate "2019.12.10"]
[EventType "k.o."]
[EventRounds "4"]
[EventCountry "HUN"]

{3'+2"} 1. Nf3 d5 2. e3 Nf6 3. c4 c6 4. Nc3 a6 5. b3 Bf5 6. Bb2 Nbd7 7. Be2 e5
8. cxd5 cxd5 9. d3 Bd6 10. O-O O-O 11. e4 Be6 12. Ng5 Qe7 13. Nxe6 fxe6 14. a3
Rac8 15. b4 Kh8 16. Rc1 a5 17. bxa5 Bxa3 18. Qb3 Bxb2 19. Qxb2 Nc5 20. Qb4 dxe4
21. dxe4 Rfd8 22. Rfd1 Rxd1+ 23. Rxd1 Qc7 24. h3 h6 25. Nb5 Qe7 26. Nd6 Rc6 27.
Nc4 Qc7 28. Nb6 Rd6 29. Rc1 Rc6 30. Bb5 Nd3 31. Qf8+ Kh7 32. Rxc6 bxc6 33. Bxd3
1-0

[Event "Magyar bajnokság, döntõ"]
[Site "Budapest"]
[Date "2019.12.11"]
[Round "1.6"]
[White "Berkes, Ferenc"]
[Black "Horvath, Csaba"]
[Result "1/2-1/2"]
[WhiteElo "2656"]
[BlackElo "2513"]
[PlyCount "38"]
[EventDate "2019.12.10"]
[EventType "k.o."]
[EventRounds "4"]
[EventCountry "HUN"]

{3'+2"} 1. d4 Nf6 2. Nf3 b6 3. c4 e6 4. a3 Bb7 5. Nc3 d6 6. Bf4 Nbd7 7. Qc2
Bxf3 8. exf3 g6 9. Be2 Bg7 10. O-O O-O 11. Rad1 Qe7 12. Be3 c5 13. f4 cxd4 14.
Rxd4 Rac8 15. Qd1 Ne8 16. Rd2 Bxc3 17. bxc3 Nc5 18. a4 Nf6 19. Bf3 Rfd8 {...}
1/2-1/2

[Event "Magyar bajnokság, döntõ"]
[Site "Budapest"]
[Date "2019.12.12"]
[Round "2.1"]
[White "Balog, Imre"]
[Black "Almasi, Zoltan"]
[Result "0-1"]
[WhiteElo "2558"]
[BlackElo "2691"]
[PlyCount "88"]
[EventDate "2019.12.10"]
[EventType "k.o."]
[EventRounds "4"]
[EventCountry "HUN"]

1. d4 Nf6 2. Nf3 g6 3. Nc3 d5 4. Bf4 Bg7 5. e3 O-O 6. Be2 c6 7. h3 Bf5 8. O-O
Nbd7 9. g4 Be6 10. Ng5 c5 11. Nxe6 fxe6 12. g5 Ne8 13. Bg4 Qb6 14. Na4 Qc6 15.
Nxc5 Nxc5 16. dxc5 Bxb2 17. Rb1 Bg7 18. c4 dxc4 19. Bf3 Qxc5 20. Bxb7 Nd6 21.
Bxa8 Rxa8 22. Qg4 Nf5 23. Rb8+ Rxb8 24. Bxb8 c3 25. Qa4 c2 26. Rc1 Nd4 27. Kh2
Qxg5 28. Bg3 Nf3+ 29. Kh1 Qf5 30. Qg4 Qd5 31. Rxc2 Qd1+ 32. Kg2 Ne1+ 33. Kf1
Qxc2 34. Qxe6+ Kf8 35. Kxe1 Qd3 36. f4 Bf6 37. Kf2 h5 38. Qb3 Qe4 39. Qd1 Qe6
40. Qb1 h4 41. Bh2 Qxh3 42. Qg1 Qe6 43. Qxg6 Qxa2+ 44. Kg1 Qg8 0-1

[Event "Magyar bajnokság, döntõ"]
[Site "Budapest"]
[Date "2019.12.12"]
[Round "2.1"]
[White "Horvath, Csaba"]
[Black "Acs, Peter"]
[Result "1/2-1/2"]
[WhiteElo "2513"]
[BlackElo "2580"]
[PlyCount "42"]
[EventDate "2019.12.10"]
[EventType "k.o."]
[EventRounds "4"]
[EventCountry "HUN"]

1. Nf3 d5 2. e3 Nf6 3. c4 e6 4. d4 a6 5. b3 c5 6. Bb2 cxd4 7. exd4 b6 8. Nc3
Bb7 9. Bd3 Be7 10. O-O O-O 11. Qe2 Nbd7 12. Rad1 Re8 13. Ne5 Nf8 14. Qe3 Ng6
15. Bxg6 hxg6 16. c5 Rc8 17. Na4 bxc5 18. dxc5 Qc7 19. b4 Rcd8 20. Rfe1 Nd7 21.
Nf3 Bc6 1/2-1/2

[Event "Magyar bajnokság, döntõ"]
[Site "Budapest"]
[Date "2019.12.12"]
[Round "2.1"]
[White "Papp, Gabor"]
[Black "Banusz, Tamas"]
[Result "1/2-1/2"]
[WhiteElo "2582"]
[BlackElo "2621"]
[PlyCount "38"]
[EventDate "2019.12.10"]
[EventType "k.o."]
[EventRounds "4"]
[EventCountry "HUN"]

1. d4 d5 2. Bf4 Nf6 3. e3 c5 4. Nf3 e6 5. Nbd2 Nc6 6. c3 Bd6 7. Bg3 O-O 8. Bd3
Qe7 9. Ne5 Nd7 10. Nxd7 Qxd7 11. Bxd6 Qxd6 12. dxc5 Qxc5 13. Bxh7+ Kxh7 14.
Qh5+ Kg8 15. Ne4 g6 16. Qg5 Qe7 17. Nf6+ Kg7 18. Nh5+ Kh7 19. Nf6+ Kg7 1/2-1/2

[Event "Magyar bajnokság, döntõ"]
[Site "Budapest"]
[Date "2019.12.12"]
[Round "2.1"]
[White "Hera, Imre Jr"]
[Black "Erdos, Viktor"]
[Result "1/2-1/2"]
[WhiteElo "2619"]
[BlackElo "2609"]
[PlyCount "22"]
[EventDate "2019.12.10"]
[EventType "k.o."]
[EventRounds "4"]
[EventCountry "HUN"]

1. c4 Nf6 2. Nc3 e5 3. Nf3 Nc6 4. g3 Bc5 5. Bg2 d6 6. d3 h6 7. a3 a6 8. O-O O-O
9. e3 Ba7 10. b4 Be6 11. Bb2 Ne7 1/2-1/2

[Event "Magyar bajnokság, döntõ"]
[Site "Budapest"]
[Date "2019.12.13"]
[Round "2.2"]
[White "Banusz, Tamas"]
[Black "Papp, Gabor"]
[Result "1/2-1/2"]
[WhiteElo "2621"]
[BlackElo "2582"]
[PlyCount "24"]
[EventDate "2019.12.10"]
[EventType "k.o."]
[EventRounds "4"]
[EventCountry "HUN"]

1. c4 e5 2. Nc3 Nf6 3. Nf3 Nc6 4. a3 g6 5. g3 Bg7 6. Bg2 O-O 7. O-O d6 8. d3 h6
9. Rb1 Be6 10. b4 Ne7 11. e4 Nd7 12. a4 f5 1/2-1/2

[Event "Magyar bajnokság, döntõ"]
[Site "Budapest"]
[Date "2019.12.13"]
[Round "2.2"]
[White "Erdos, Viktor"]
[Black "Hera, Imre Jr"]
[Result "1/2-1/2"]
[WhiteElo "2609"]
[BlackElo "2619"]
[PlyCount "21"]
[EventDate "2019.12.10"]
[EventType "k.o."]
[EventRounds "4"]
[EventCountry "HUN"]

1. c4 e6 2. Nc3 d5 3. d4 Nf6 4. Bg5 Be7 5. e3 O-O 6. Rc1 h6 7. Bh4 b6 8. Nf3
Bb7 9. cxd5 Nxd5 10. Nxd5 Bxd5 11. Bxe7 1/2-1/2

[Event "Magyar bajnokság, döntõ"]
[Site "Budapest"]
[Date "2019.12.13"]
[Round "2.3"]
[White "Papp, Gabor"]
[Black "Banusz, Tamas"]
[Result "1/2-1/2"]
[WhiteElo "2582"]
[BlackElo "2621"]
[PlyCount "62"]
[EventDate "2019.12.10"]
[EventType "k.o."]
[EventRounds "4"]
[EventCountry "HUN"]

{15'+5"} 1. e4 e5 2. Nf3 Nc6 3. Bb5 a6 4. Ba4 Nf6 5. O-O Be7 6. d3 b5 7. Bb3 d6
8. a3 O-O 9. Nc3 Na5 10. Ba2 Be6 11. b4 Nc6 12. Nd5 Nd4 13. c3 Nxf3+ 14. Qxf3
Nxd5 15. Bxd5 Bxd5 16. exd5 Qd7 17. a4 a5 18. axb5 Qxb5 19. bxa5 Rxa5 20. c4
Qa6 21. Rxa5 Qxa5 22. Be3 Qc3 23. Qf5 Rd8 24. Rc1 Qb3 25. d4 Bf6 26. dxe5 Bxe5
27. g3 g6 28. Qg5 Re8 29. Qh4 Qd3 30. Qg4 f5 31. Qd1 Qxd1+ 1/2-1/2

[Event "Magyar bajnokság, döntõ"]
[Site "Budapest"]
[Date "2019.12.13"]
[Round "2.3"]
[White "Hera, Imre Jr"]
[Black "Erdos, Viktor"]
[Result "0-1"]
[WhiteElo "2619"]
[BlackElo "2609"]
[PlyCount "146"]
[EventDate "2019.12.10"]
[EventType "k.o."]
[EventRounds "4"]
[EventCountry "HUN"]

{15'+5"} 1. e4 c5 2. Nc3 a6 3. g3 b5 4. Bg2 Bb7 5. d3 d6 6. f4 e6 7. Nf3 Nf6 8.
O-O Be7 9. h3 Nc6 10. f5 exf5 11. exf5 d5 12. g4 d4 13. Ne2 Nd5 14. Nf4 Nxf4
15. Bxf4 Nb4 16. Qd2 O-O 17. Rae1 Nd5 18. g5 Bd6 19. Bxd6 Qxd6 20. Nh2 Qg3 21.
Kh1 Rab8 22. Rg1 Rfe8 23. Rxe8+ Rxe8 24. Ng4 Ba8 25. f6 Ne3 26. Bxa8 Qxh3+ 27.
Qh2 Qxh2+ 28. Kxh2 Rxa8 29. Nxe3 dxe3 30. Kg3 Re8 31. Kf3 e2 32. Re1 gxf6 33.
gxf6 h5 34. c3 Kh7 35. d4 cxd4 36. cxd4 Kg6 37. d5 Kxf6 38. d6 Re5 39. Kf4 Rd5
40. Rxe2 Rxd6 41. Rh2 Rd4+ 42. Ke3 Rd5 43. Ke4 Re5+ 44. Kf4 Rg5 45. Rc2 Rg4+
46. Kf3 Rc4 47. Rh2 h4 48. Rd2 Ke5 49. Kg2 f5 50. b3 Rd4 51. Re2+ Kf4 52. Kh3
Kf3 53. Re6 a5 54. Re5 f4 55. Rxb5 Rd1 56. Kh2 Rd2+ 57. Kh3 Rxa2 58. Kxh4 Rh2+
59. Kg5 Kg3 60. Rxa5 f3 61. Kf6 f2 62. Rg5+ Kf4 63. Rf5+ Ke4 64. Re5+ Kd4 65.
Rf5 Ke3 66. Re5+ Kd3 67. Rf5 Ke2 68. Re5+ Kd2 69. Rf5 Ke1 70. Re5+ Kf1 71. b4
Rh4 72. b5 Kg2 73. Rg5+ Kf3 0-1

[Event "Magyar bajnokság, döntõ"]
[Site "Budapest"]
[Date "2019.12.13"]
[Round "2.4"]
[White "Banusz, Tamas"]
[Black "Papp, Gabor"]
[Result "1-0"]
[WhiteElo "2621"]
[BlackElo "2582"]
[PlyCount "71"]
[EventDate "2019.12.10"]
[EventType "k.o."]
[EventRounds "4"]
[EventCountry "HUN"]

{15'+5"} 1. Nf3 Nf6 2. g3 d5 3. Bg2 c5 4. O-O e6 5. d4 cxd4 6. Nxd4 e5 7. Nb3
Be6 8. Nc3 Be7 9. f4 exf4 10. gxf4 g6 11. Kh1 Nc6 12. Be3 O-O 13. Nd4 Ng4 14.
Nxe6 fxe6 15. Bg1 Nh6 16. e4 dxe4 17. Nxe4 Qxd1 18. Raxd1 Rad8 19. c3 Nf5 20.
Nc5 Rxd1 21. Rxd1 Bxc5 22. Bxc5 Rf7 23. b4 Nh4 24. b5 Na5 25. Bh3 Nf5 26. Bxa7
Nc4 27. Rd8+ Kg7 28. Bxf5 Rxf5 29. Rd7+ Kh6 30. a4 b6 31. Rb7 e5 32. Bxb6 exf4
33. Bd4 f3 34. Kg1 Kg5 35. Rc7 Nb2 36. Rc5 1-0

[Event "Magyar bajnokság, döntõ"]
[Site "Budapest"]
[Date "2019.12.13"]
[Round "2.4"]
[White "Erdos, Viktor"]
[Black "Hera, Imre Jr"]
[Result "1/2-1/2"]
[WhiteElo "2609"]
[BlackElo "2619"]
[PlyCount "81"]
[EventDate "2019.12.10"]
[EventType "k.o."]
[EventRounds "4"]
[EventCountry "HUN"]

{15'+5"} 1. Nf3 d5 2. d4 Nf6 3. c4 e6 4. e3 Be7 5. b3 O-O 6. Bb2 b6 7. Bd3 Bb7
8. cxd5 exd5 9. Nc3 Nbd7 10. O-O a6 11. Rc1 Bd6 12. Ne2 Ne4 13. Ne5 f6 14. Nc6
Qe8 15. Nf4 Nb8 16. Nxb8 Rxb8 17. Qe2 g5 18. Nh3 g4 19. Qxg4+ Kh8 20. Bxe4 dxe4
21. Nf4 Qf7 22. d5 Be5 23. Bxe5 fxe5 24. Ne6 Rg8 25. Rxc7 Rxg4 26. Rxf7 Bxd5
27. Re7 Rc8 28. Nc7 Bg8 29. Rd1 a5 30. Rd6 Rg7 31. Rxg7 Kxg7 32. Rd7+ Kf6 33.
h3 a4 34. bxa4 Bxa2 35. Rxh7 Bf7 36. Nb5 Rc1+ 37. Kh2 Ra1 38. Nd6 Bg6 39. Rb7
Rxa4 40. Rxb6 Ke7 41. Nc4 1/2-1/2

[Event "Magyar bajnokság, döntõ"]
[Site "Budapest"]
[Date "2019.12.16"]
[Round "3.1"]
[White "Erdos, Viktor"]
[Black "Almasi, Zoltan"]
[Result "1/2-1/2"]
[WhiteElo "2609"]
[BlackElo "2691"]
[PlyCount "23"]
[EventDate "2019.12.10"]
[EventType "k.o."]
[EventRounds "4"]
[EventCountry "HUN"]

1. d4 Nf6 2. Nf3 b6 3. g3 Bb7 4. c4 g6 5. Bg2 Bg7 6. O-O O-O 7. Nc3 Ne4 8. Nxe4
Bxe4 9. Be3 c5 10. Qd2 d6 11. Bh6 Nd7 12. Bxg7 1/2-1/2

[Event "Magyar bajnokság, döntõ"]
[Site "Budapest"]
[Date "2019.12.17"]
[Round "3.2"]
[White "Almasi, Zoltan"]
[Black "Erdos, Viktor"]
[Result "1/2-1/2"]
[WhiteElo "2691"]
[BlackElo "2609"]
[PlyCount "97"]
[EventDate "2019.12.10"]
[EventType "k.o."]
[EventRounds "4"]
[EventCountry "HUN"]

1. Nf3 Nf6 2. c4 e6 3. g3 d5 4. Bg2 dxc4 5. Qa4+ c6 6. Qxc4 b5 7. Qc2 Bb7 8.
O-O Nbd7 9. d3 Rc8 10. Nc3 Be7 11. a4 b4 12. Nb1 c5 13. Nbd2 O-O 14. Rd1 h6 15.
h3 Nb8 16. Nc4 Nc6 17. a5 Ba6 18. Nce5 Bb5 19. Nxc6 Rxc6 20. Ne5 Rc8 21. a6 Nd5
22. e4 Nc7 23. Ra5 Qd6 24. Bf4 Qb6 25. Rda1 Rfd8 26. Nc4 Qc6 27. Ne5 Qb6 28.
Nc4 Qc6 29. Qe2 Qd7 30. Bf1 Bf8 31. Qg4 Bxc4 32. dxc4 Qd4 33. Qe2 e5 34. Be3
Qd6 35. Bxc5 Qxc5 36. Rxc5 Bxc5 37. Rd1 Bd4 38. c5 Ne6 39. Kg2 Rxc5 40. Rd2 b3
41. Qd1 Rb8 42. Be2 Rc2 43. Rxc2 bxc2 44. Qxc2 Rxb2 45. Qc8+ Kh7 46. Kf1 Rb1+
47. Kg2 Rb2 48. Kf1 Rb1+ 49. Kg2 1/2-1/2

[Event "Magyar bajnokság, döntõ"]
[Site "Budapest"]
[Date "2019.12.17"]
[Round "3.2"]
[White "Acs, Peter"]
[Black "Banusz, Tamas"]
[Result "1/2-1/2"]
[WhiteElo "2580"]
[BlackElo "2621"]
[PlyCount "93"]
[EventDate "2019.12.10"]
[EventType "k.o."]
[EventRounds "4"]
[EventCountry "HUN"]

1. d4 d5 2. c4 dxc4 3. Nf3 a6 4. e4 b5 5. b3 cxb3 6. Qxb3 e6 7. a4 b4 8. Nbd2
Nf6 9. Bb2 Bb7 10. Bd3 Nbd7 11. O-O Be7 12. Rfe1 O-O 13. Qc2 h6 14. Nb3 c5 15.
dxc5 Rc8 16. Bd4 Qc7 17. Rac1 e5 18. Be3 Ng4 19. Bd2 a5 20. h3 Ngf6 21. Be3 Nb8
22. Nfd2 Nc6 23. Bb5 Na7 24. Ra1 Rfd8 25. f3 Nd7 26. Rec1 Bg5 27. Bxg5 hxg5 28.
Bxd7 Rxd7 29. Nc4 Rcd8 30. Nb6 Rd3 31. Nd5 R3xd5 32. exd5 Bxd5 33. Rd1 Nc6 34.
Rac1 g6 35. Qb2 Kg7 36. Nd2 Nd4 37. Nf1 Qc6 38. Ne3 Be6 39. Kf2 Qxa4 40. c6 Qa2
41. Qxa2 Bxa2 42. Rc5 a4 43. Nc2 Bb3 44. Rxd4 exd4 45. Nxb4 Ra8 46. c7 Rc8 47.
Ke2 1/2-1/2

[Event "Magyar bajnokság, döntõ"]
[Site "Budapest"]
[Date "2019.12.17"]
[Round "3.3"]
[White "Almasi, Zoltan"]
[Black "Erdos, Viktor"]
[Result "1-0"]
[WhiteElo "2691"]
[BlackElo "2609"]
[PlyCount "121"]
[EventDate "2019.12.10"]
[EventType "k.o."]
[EventRounds "4"]
[EventCountry "HUN"]

{15'+5"} 1. e4 e5 2. Nf3 Nc6 3. Bb5 a6 4. Ba4 Nf6 5. O-O Bc5 6. Bxc6 dxc6 7. d3
Nd7 8. Nbd2 O-O 9. Nc4 Re8 10. Bg5 f6 11. Be3 Bf8 12. Nh4 Nc5 13. Nf5 Bxf5 14.
exf5 Qd7 15. Qh5 e4 16. Rad1 exd3 17. Bxc5 Bxc5 18. Rxd3 Qf7 19. Qxf7+ Kxf7 20.
Rd7+ Re7 21. Rfd1 b6 22. Kf1 a5 23. R1d3 g6 24. Rxe7+ Bxe7 25. Rd7 Rc8 26. Ne3
Ke8 27. Rd4 Kf7 28. Ke2 Bd6 29. Rh4 Kg7 30. Re4 Kf7 31. g3 Bc5 32. Re6 Bd6 33.
Ng4 Be7 34. Rxc6 gxf5 35. Ne3 f4 36. Nd5 fxg3 37. hxg3 Bd6 38. Nxb6 Re8+ 39.
Kf3 cxb6 40. Rxd6 Rc8 41. c3 b5 42. Ke4 b4 43. cxb4 axb4 44. Rb6 Ra8 45. Rxb4
Rxa2 46. Kd5 h5 47. Kc4 Ke6 48. Kb3 Ra8 49. Rf4 Ke5 50. Kc2 Rc8+ 51. Kb1 Rd8
52. b4 Rd2 53. b5 Kd5 54. Rxf6 Kc5 55. Rf5+ Kb6 56. Kc1 Ra2 57. Kd1 Ra1+ 58.
Ke2 Rh1 59. Kf3 Rh2 60. Rf4 Kxb5 61. Rh4 1-0

[Event "Magyar bajnokság, döntõ"]
[Site "Budapest"]
[Date "2019.12.17"]
[Round "3.4"]
[White "Erdos, Viktor"]
[Black "Almasi, Zoltan"]
[Result "0-1"]
[WhiteElo "2609"]
[BlackElo "2691"]
[PlyCount "67"]
[EventDate "2019.12.10"]
[EventType "k.o."]
[EventRounds "4"]
[EventCountry "HUN"]

{15'+5"} 1. d4 Nf6 2. Nc3 g6 3. e4 d6 4. f4 Bg7 5. a3 O-O 6. Nf3 c6 7. Bd3 Bg4
8. h3 Bxf3 9. Qxf3 e5 10. dxe5 dxe5 11. f5 Nh5 12. g3 Nd7 13. Be3 b5 14. O-O
Qe7 15. Qf2 Bf6 16. Be2 Ng7 17. Rad1 a5 18. Bxb5 cxb5 19. Nd5 Qe8 20. Nc7 Qe7
21. Nxa8 Rxa8 22. fxg6 hxg6 23. Rxd7 Qxd7 24. Qxf6 Nh5 25. Qxe5 Re8 26. Qg5
Qxh3 27. Bf2 Rxe4 28. Rd1 Kg7 29. Rd3 Qe6 30. Qxb5 Re1+ 31. Kh2 Qe2 32. Qc5 Rf1
33. Qd4+ Kh7 34. Kg2 0-1

[Event "Magyar bajnokság, döntõ"]
[Site "Budapest"]
[Date "2019.12.19"]
[Round "4.1"]
[White "Banusz, Tamas"]
[Black "Almasi, Zoltan"]
[Result "1/2-1/2"]
[WhiteElo "2621"]
[BlackElo "2691"]
[PlyCount "88"]
[EventDate "2019.12.10"]
[EventType "k.o."]
[EventRounds "4"]
[EventCountry "HUN"]

1. d4 Nf6 2. g3 d5 3. Nf3 c6 4. Bg2 Bf5 5. c4 e6 6. Nc3 Nbd7 7. Qb3 Qb6 8. c5
Qxb3 9. axb3 a6 10. b4 Rc8 11. Bf4 h6 12. h4 Be7 13. Nd2 Nh5 14. Be3 e5 15.
dxe5 Nxe5 16. Bd4 Bf6 17. Nb3 O-O 18. O-O-O Rfe8 19. Rhg1 Bg4 20. f3 Bd7 21.
Bh1 Nc4 22. e4 Be6 23. exd5 Bxd5 24. Nxd5 cxd5 25. f4 b6 26. Bxd5 Ne3 27. Bxe3
Rxe3 28. Rde1 Rxe1+ 29. Rxe1 Nxg3 30. Bb7 Rc7 31. Bxa6 Bxh4 32. Re8+ Kh7 33.
Rb8 bxc5 34. b5 Ne2+ 35. Kb1 Bg3 36. b6 Re7 37. b7 Bxf4 38. Rc8 h5 39. Rxc5 g6
40. Rc2 Ng3 41. Rf2 Bc7 42. Rc2 Bf4 43. Rf2 Bc7 44. Rc2 Bf4 1/2-1/2

[Event "Magyar bajnokság, döntõ"]
[Site "Budapest"]
[Date "2019.12.20"]
[Round "4.2"]
[White "Almasi, Zoltan"]
[Black "Banusz, Tamas"]
[Result "1/2-1/2"]
[WhiteElo "2691"]
[BlackElo "2621"]
[PlyCount "89"]
[EventDate "2019.12.10"]
[EventType "k.o."]
[EventRounds "4"]
[EventCountry "HUN"]

1. e4 e5 2. Nf3 Nf6 3. Nxe5 d6 4. Nf3 Nxe4 5. Bd3 Nf6 6. O-O Be7 7. c3 O-O 8.
h3 d5 9. Bc2 Ne4 10. d3 Nd6 11. d4 c6 12. Bf4 Bf5 13. Nbd2 Bxc2 14. Qxc2 Na6
15. Rfe1 Nc7 16. Re2 Re8 17. Rae1 Bf8 18. Ne5 Qc8 19. Qb3 f6 20. Nef3 Rxe2 21.
Rxe2 b5 22. Qc2 Qd7 23. Nb3 Re8 24. Nc5 Rxe2 25. Qxe2 Qf5 26. Bg3 g6 27. Ne1
Nde8 28. Ned3 Bxc5 29. Nxc5 Kf7 30. f3 Ne6 31. Nd3 Nd8 32. Kh2 Nb7 33. a4 a5
34. axb5 cxb5 35. b3 Qc8 36. Nf4 Qc6 37. c4 bxc4 38. bxc4 dxc4 39. d5 Qc8 40.
Ne6 c3 41. Nd4 Nbd6 42. Nc6 Nf5 43. Qc4 Qd7 44. Qxc3 Qxd5 45. Nxa5 1/2-1/2

[Event "Magyar bajnokság, döntõ"]
[Site "Budapest"]
[Date "2019.12.20"]
[Round "4.1"]
[White "Erdos, Viktor"]
[Black "Acs, Peter"]
[Result "1-0"]
[WhiteElo "2609"]
[BlackElo "2580"]
[PlyCount "80"]
[EventDate "2019.12.10"]
[EventType "k.o."]
[EventRounds "4"]
[EventCountry "HUN"]

{15'+5"} 1. Nf3 d5 2. e3 Nf6 3. c4 c6 4. Nc3 a6 5. d4 b5 6. c5 Bg4 7. Qb3 Bxf3
8. gxf3 Qc7 9. a4 Ra7 10. Qa3 Rb7 11. axb5 axb5 12. Qa5 Qxa5 13. Rxa5 e5 14.
Na2 Nfd7 15. Nb4 exd4 16. exd4 g6 17. Ra8 Bg7 18. Nxc6 O-O 19. Na5 Rc7 20. Be3
b4 21. Bb5 Nxc5 22. dxc5 d4 23. Bf4 Rxc5 24. Bd3 Nd7 25. Rxf8+ Nxf8 26. Nb3 Rh5
27. Bg3 Ne6 28. Ke2 Bh6 29. Bc4 Nf4+ 30. Bxf4 Bxf4 31. h3 Kg7 32. Kd3 Be5 33.
Nc5 Rf5 34. Ke2 Bf6 35. Nd3 Be7 36. f4 Kh6 37. Ra1 Bd6 38. Ra7 Bxf4 39. Rxf7
Rxf7 40. Bxf7 Bd6 1-0